Interfaces in materials : atomic structure, thermodynamics and kinetics of solid-vapor, solid-liquid and solid-solid interfaces

Αποθηκεύτηκε σε:
Λεπτομέρειες βιβλιογραφικής εγγραφής
Κύριος συγγραφέας: Howe, James M. 1955-
Μορφή: Βιβλίο
Γλώσσα:English
Δημοσίευση: New York : Wiley, c1997
Θέματα:
Ετικέτες: Προσθήκη ετικέτας
Δεν υπάρχουν, Καταχωρήστε ετικέτα πρώτοι!

MARC

LEADER 00000nam a2200000 i 4500
001 1/64995
008 071128s1997 eng d
020 |a 0-471-13830-4 
035 |l 10092638 
040 |a GR-MY-UA  |b gre  |e aacr 
041 0 |a eng 
082 0 |a 530.417  |2 (22) 
100 1 |a Howe, James M.  |d 1955- 
245 1 0 |a Interfaces in materials :  |b atomic structure, thermodynamics and kinetics of solid-vapor, solid-liquid and solid-solid interfaces /  |c James M.Howe 
260 |a New York :   |b Wiley,   |c c1997 
300 |a xxvi, 516 σ.;  |b εικ.;  |c 24 εκ. 
504 |a Βιβλιογρφία: σ. 482-489. Ευρετήριο 
650 0 0 |a Interfaces (Physical sciences) 
852 |a INST  |b SYROS  |e 20071128  |h 530.417 HOW  |p 005500006870  |q 005500006870  |t BK  |y 0 
901 |a BIBL5-2007-3 
909 |a Ε  |b 139923 
922 |a 5ΕΛΗ  |b 200710  |c ΕΠΕΑΕΚ2/ΤΜΣΠΣ  |d ΠΑΠΑΣΩΤΗΡΙΟΥ 
970 |a ΚΟΝΤΟΥ  |b ΠΑΡΑΣΚΕΥΗ  |z 2007/11/28